| 000 | 00671nam a22001697a 4500 | ||
|---|---|---|---|
| 008 | 120423s2006 ua|||||r|||| 000 0 ara d | ||
| 082 |
_a928.162 _bث ق ا |
||
| 110 |
_916247 _aالهيئة العامة لقصور الثقافة _cالقاهرة |
||
| 245 |
_aالثقافة الجديدة : _cالهيئة العامة لقصور الثقافة _pنجيب محفوظ / |
||
| 260 |
_aالقاهرة : _bالهيئة ، _c2006 |
||
| 300 |
_a295 ص ؛ _c18 سم |
||
| 650 |
_911526 _aالأدباء المصريون |
||
| 942 |
_2ddc _cBB _hRDA-MOD |
||
| 999 |
_c16691 _d16691 |
||
| 336 |
_2rdacontent _aنص _btxt |
||
| 337 |
_aبدون وسيط _2rdamedia _bn |
||
| 338 |
_aمجلد _bnc _2rdacarrier |
||